000
00432nam a2200145Ia 4500
008
100122s9999 xx 000 0 und d
082
_b
23806
_a
915.46
100
_a
जोशी श्रीपाद
245
_a
चिनारच्या छायेत
260
_c
1971
300
_a
50
630
_a
चिनारच्या छायेत
730
_a
चिनारच्या छायेत
942
_c
BOOK
999
_c
411338
_d
411335